Nonlinear phenomena in stellar variability (Record no. 12873)
[ view plain ]
| 000 -LEADER | |
|---|---|
| fixed length control field | 00702nam a2200193Ia 4500 |
| 003 - CONTROL NUMBER IDENTIFIER | |
| control field | IN-BaIIA |
| 008 - FIXED-LENGTH DATA ELEMENTS--GENERAL INFORMATION | |
| fixed length control field | 211028s9999 xx 000 0 eng d |
| 020 ## - INTERNATIONAL STANDARD BOOK NUMBER | |
| International Standard Book Number | 0-7923-2769-1 |
| 040 ## - CATALOGING SOURCE | |
| Transcribing agency | IIA Library |
| 080 ## - UNIVERSAL DECIMAL CLASSIFICATION NUMBER | |
| Universal Decimal Classification number | 082.2:52 |
| Item number | IAU-C134 |
| 245 #0 - TITLE STATEMENT | |
| Title | Nonlinear phenomena in stellar variability |
| Remainder of title | proceedings of IAU-Colloquium held in at Joyo Geibun Center, Mito, Japan 7-10, January 1992 |
| Statement of responsibility, etc. | edited by M. Takeuti and J. R. Buchler |
| 260 ## - PUBLICATION, DISTRIBUTION, ETC. | |
| Place of publication, distribution, etc. | Dordrecht |
| Name of publisher, distributor, etc. | Kluwer Academic |
| Date of publication, distribution, etc. | 1993 |
| 300 ## - PHYSICAL DESCRIPTION | |
| Extent | 375p. |
| 490 ## - SERIES STATEMENT | |
| Series statement | IAU-Colloquium; no.134 |
| 650 ## - SUBJECT ADDED ENTRY--TOPICAL TERM | |
| Topical term or geographic name entry element | Stars |
| 650 ## - SUBJECT ADDED ENTRY--TOPICAL TERM | |
| Topical term or geographic name entry element | Stellar variability |
| 9 (RLIN) | 13386 |
| 700 ## - ADDED ENTRY--PERSONAL NAME | |
| Personal name | Buchler, J. R., ed. |
| 9 (RLIN) | 14502 |
| 942 ## - ADDED ENTRY ELEMENTS (KOHA) | |
| Koha item type | Books |
| Withdrawn status | Lost status | Damaged status | Not for loan | Home library | Current library | Shelving location | Date acquired | Source of acquisition | Cost, normal purchase price | Total Checkouts | Full call number | Barcode | Date last seen | Cost, replacement price | Price effective from | Koha item type | Purchase Price |
|---|---|---|---|---|---|---|---|---|---|---|---|---|---|---|---|---|---|
| IIA Library-Bangalore | IIA Library-Bangalore | General Stacks | 04/02/1999 | ALL | 6023.00 | 082.2:52/ IAU-C134 | 13790 | 05/11/2021 | 6023.00 | 04/02/1999 | Books | Rs. 6023.00 |